| 000 | 01442nam a2200205Ia 4500 | ||
|---|---|---|---|
| 001 | b6978-50834 | ||
| 003 | IT-MiCISF | ||
| 008 | 161014s9999||||xx |||||||||||||| ||und|| | ||
| 040 |
_aIT-MiCISF _cIT-MiCISF |
||
| 041 | _ait | ||
| 100 | _aAA.VV. | ||
| 245 | 0 |
_aSpiritualità e operosità delle donne imprenditrici _bRisultati di un'inchiesta e testimonianze |
|
| 250 | _a1a ed. | ||
| 260 |
_a Milano _bFranco Angeli _c2010 |
||
| 300 | _app. 156 | ||
| 500 | _aCensis-CEI. Ufficio nazionale per i problemi sociali e il lavoro / lavoro, donna, società, religione, esperienze / Lo sviluppo dell'imprenditoria femminile si inserisce nel lento ma progressivo cammino di emancipazione della donna verso una sua affermazione nel campo lavorativo. Le specificità della dimensione femminile dell'impresa si individuano in una cultura del profitto ben temperato, nell'operosità incline a coltivare la componente spirituale, nell'ascolto e nell'attenzione riservata alla persona, in una certa sapienza che ha radici religiose. La ricerca, commissionata al Censis dall'Ufficio Nazionale per i problemi sociali e il lavoro della CEI, delinea puntualmente un quadro di orientamento sull'attuale fase di sviluppo della cultura d'impresa al femminile. Il volume si completa con le testimonianze di alcune donne imprenditrici sulla loro esperienza di vita. | ||
| 650 |
_a Identità e genere / lavoro _e003 |
||
| 942 | _cBK | ||
| 957 | _71 | ||
| 999 |
_a50834 _bsi _g1 _c210010 _d210010 |
||